| 000 | 00952 a2200229 4500 | ||
|---|---|---|---|
| 005 | 20080912160246.0 | ||
| 008 | 080912t xxu||||| |||| 00| 0 eng d | ||
| 010 | _aENG-87764 | ||
| 020 | _c175.00 | ||
| 035 | _aEN-71297 | ||
| 037 | _bD.B.Act / Pub | ||
| 082 | _a658.1511 | ||
| 100 | _aAppannaiah, H. R. | ||
| 245 |
_aManagment accounting _cby H. R. Appannaiah, P. N. Reddy and N. Mukund Sharma _bincluding skill development |
||
| 260 |
_aMumbai _bHimalaya Publishing House _c2006 |
||
| 270 |
_a"Ramdoot", Dr. Bhalerao Marg, (Kelewadi), Girgaon _bMumbai _e400 004 _k022-23860170, 022-23863863 _mhimpub@vsnl.com |
||
| 300 |
_a372 p. _c24 cm. (Pbk) |
||
| 700 | _aReddy, P. N. | ||
| 700 | _aSharma, N. Mukund | ||
| 942 |
_adpl _cEN _k658.1511 / APP _2ddc _h658.1511 _mAPP |
||
| 999 |
_c6913 _d6913 |
||